The regional assessment report on Biodiversity and ecosystem services for the Americas (Registro nro. 20720)
[ vista simple ]
| 000 -CABECERA | |
|---|---|
| Campo de control | 01970nam a22004937a 4500 |
| 005 - FECHA Y HORA DE LA ULTIMA TRANSACCION | |
| Campo de control | 20200124065905.0 |
| 008 - ELEMENTOS DE LONGITUD FIJA—INFORMACION GENERAL | |
| Campo de control | 200124b xxu||||| |||| 00| 0 spa d |
| 020 ## - ISBN | |
| ISBN | 978947851010 |
| 040 ## - FUENTE DE CATALOGACIÓN | |
| Agencia catalogadora original | CO-BoIAVH |
| Agencia transcriptora | CO-BoIAVH |
| 041 ## - IDIOMA | |
| Código de idioma para texto/pista de sonido o título separado | Inglés |
| 044 ## - PAÍS DE PUBLICACIÓN | |
| País de publicación | Alemania |
| 082 ## - NUMERO DE CLASIFICACION DECIMAL DEWEY | |
| Número de clasificación | 333.9506 |
| Número del ítem | I64t |
| 100 ## - ASIENTO PRINCIPAL--NOMBRE PERSONAL | |
| 9 (RLIN) | 102312 |
| Nombre personal | Rice, Jack |
| 245 ## - MENCION DE TITULO | |
| Título | The regional assessment report on Biodiversity and ecosystem services for the Americas |
| Parte restante del título | Summary for policymakers |
| Mención de responsabilidad | Rice, Jack y otros |
| 246 ## - FORMA VARIANTE DEL TITULO | |
| Título propiamente dicho/forma breve del título | Summary for policymakers of the regional assessment report on biodiversity and ecosystem services for the Americas |
| 260 ## - PUBLICACION, DISTRIBUCION, ETC. (PIE DE IMPRENTA) | |
| Lugar de publicación, distribución, etc. | Bonn, |
| Nombre del editor, distribuidor, etc. | Intergovernmental Science-Policy Platform on Biodiversity and Ecosystem Services (IPBES)IPBES |
| Fecha de publicación, distribución, etc. | 2018 |
| 300 ## - DESCRIPCION FISICA | |
| Extensión | 37 páginas, |
| Otros detalles físicos | Fotografías, mapas y gráficas |
| Dimensiones | 29.6 x 20.9 cm |
| 650 #0 - ASIENTO SECUNDARIO DE MATERIA - TERMINO TEMATICO | |
| 9 (RLIN) | 1250 |
| Término temático o nombre geográfico como elemento de entrada | Biodiversidad |
| Subdivisión de forma | Resumen Ejecutivo |
| Subdivisión geográfica | America Latina |
| 650 #0 - ASIENTO SECUNDARIO DE MATERIA - TERMINO TEMATICO | |
| 9 (RLIN) | 76212 |
| Término temático o nombre geográfico como elemento de entrada | Calidad de vida |
| 650 #0 - ASIENTO SECUNDARIO DE MATERIA - TERMINO TEMATICO | |
| 9 (RLIN) | 4785 |
| Término temático o nombre geográfico como elemento de entrada | Políticas nacionales en biodiversidad |
| 650 #0 - ASIENTO SECUNDARIO DE MATERIA - TERMINO TEMATICO | |
| 9 (RLIN) | 75558 |
| Término temático o nombre geográfico como elemento de entrada | Recursos Biológicos |
| 700 ## - ASIENTO SECUNDARIO - NOMBRE PERSONAL | |
| 9 (RLIN) | 101951 |
| Nombre personal | Simao Seixas, Cristiana |
| 700 ## - ASIENTO SECUNDARIO - NOMBRE PERSONAL | |
| 9 (RLIN) | 64394 |
| Nombre personal | Zaccagnini, María Elena |
| 700 ## - ASIENTO SECUNDARIO - NOMBRE PERSONAL | |
| 9 (RLIN) | 102313 |
| Nombre personal | Bedoya-Gaitán, Mauricio |
| 700 ## - ASIENTO SECUNDARIO - NOMBRE PERSONAL | |
| 9 (RLIN) | 102315 |
| Nombre personal | Valderrama, Natalia |
| 700 ## - ASIENTO SECUNDARIO - NOMBRE PERSONAL | |
| 9 (RLIN) | 102316 |
| Nombre personal | Anderson, Christopher B |
| 700 ## - ASIENTO SECUNDARIO - NOMBRE PERSONAL | |
| 9 (RLIN) | 93988 |
| Nombre personal | Kalín Arroyo, Mary T. |
| 700 ## - ASIENTO SECUNDARIO - NOMBRE PERSONAL | |
| 9 (RLIN) | 102318 |
| Nombre personal | Bustamante, Mercedes |
| 700 ## - ASIENTO SECUNDARIO - NOMBRE PERSONAL | |
| Nombre personal | Cavender-Bares Jeannine |
| 9 (RLIN) | 102332 |
| 700 ## - ASIENTO SECUNDARIO - NOMBRE PERSONAL | |
| 9 (RLIN) | 102319 |
| Nombre personal | Díaz-de-León, Antonio |
| 700 ## - ASIENTO SECUNDARIO - NOMBRE PERSONAL | |
| 9 (RLIN) | 102321 |
| Nombre personal | Fennessy, Siobhan |
| 700 ## - ASIENTO SECUNDARIO - NOMBRE PERSONAL | |
| 9 (RLIN) | 102322 |
| Nombre personal | García Márquez, Jaime Ricardo |
| 700 ## - ASIENTO SECUNDARIO - NOMBRE PERSONAL | |
| 9 (RLIN) | 102323 |
| Nombre personal | García, Keisha |
| 700 ## - ASIENTO SECUNDARIO - NOMBRE PERSONAL | |
| 9 (RLIN) | 102324 |
| Nombre personal | Helmer, Eileen H |
| 700 ## - ASIENTO SECUNDARIO - NOMBRE PERSONAL | |
| 9 (RLIN) | 102325 |
| Nombre personal | Herrera, Bernal |
| 700 ## - ASIENTO SECUNDARIO - NOMBRE PERSONAL | |
| 9 (RLIN) | 102326 |
| Nombre personal | Klatt, Brian |
| 700 ## - ASIENTO SECUNDARIO - NOMBRE PERSONAL | |
| 9 (RLIN) | 102327 |
| Nombre personal | Ometo, Jean P |
| 700 ## - ASIENTO SECUNDARIO - NOMBRE PERSONAL | |
| 9 (RLIN) | 102328 |
| Nombre personal | Rodríguez Osuna, Vanesa |
| 700 ## - ASIENTO SECUNDARIO - NOMBRE PERSONAL | |
| 9 (RLIN) | 102329 |
| Nombre personal | Scarano, Fabio R |
| 700 ## - ASIENTO SECUNDARIO - NOMBRE PERSONAL | |
| 9 (RLIN) | 102330 |
| Nombre personal | Schill, Steven |
| 700 ## - ASIENTO SECUNDARIO - NOMBRE PERSONAL | |
| Nombre personal | Schill, Steven |
| 9 (RLIN) | 102330 |
| 700 ## - ASIENTO SECUNDARIO - NOMBRE PERSONAL | |
| 9 (RLIN) | 102331 |
| Nombre personal | Sampaio Farinaci, Juliana |
| 942 ## - ELEMENTOS ADICIONALES (KOHA) | |
| Sistema de clasificación | Dewey Decimal Classification |
| Tipo de ítem | Libro |
| Withdrawn status | Lost status | Sistema de Clasificación | Damaged status | No para préstamo | Colección | Ubicación Permanente | Ubicación actual | Fecha de adquisición | Total Checkouts | Número topográfico | Inventario / Código de Barras | Date last seen | Ejemplar | Price effective from | Forma de adquisición | Tipo de material |
|---|---|---|---|---|---|---|---|---|---|---|---|---|---|---|---|---|
| Dewey Decimal Classification | General | Bogotá | Bogotá | 24/01/2020 | LB-333.9506 I64t | 043987 | 24/01/2020 | Ej. 1 | 24/01/2020 | Donación | Libro |